|
|
|
|
| LEADER |
00000nam0a2200000 4500 |
| 001 |
115555 |
| 005 |
20231031122733.0 |
| 035 |
|
|
|a (RuTPU)RU\TPU\book\124976
|
| 090 |
|
|
|a 115555
|
| 100 |
|
|
|a 20070510d2006 m y0rusy50 ca
|
| 101 |
0 |
|
|a rus
|a eng
|
| 102 |
|
|
|a RU
|
| 105 |
|
|
|a y j 001zy
|
| 200 |
1 |
|
|a Английский язык. Базовый курс
|e учебное пособие
|f Л. В. Покушалова, Н. П. Смирнова
|g Томский политехнический университет; Институт дистанционного образования
|
| 210 |
|
|
|a Томск
|c Изд-во ТПУ
|d 2006
|
| 215 |
|
|
|a 156 с.
|
| 320 |
|
|
|a Библиогр.: с. 154.
|
| 330 |
|
|
|a Пособие предназначено для студентов I курса специальностей 140601 «Электромеханика», 140604 «Электропривод и автоматика промышленных установок и технологических комплексов», 140205 «Электроэнергетические системы и сети», 140211 «Электроснабжение», 140203 «Релейная защита и автоматизация электроэнергетических систем», 230105 «Программное обеспечение вычислительной техники и автоматизированных систем», 220201 «Управление и информатика в технических системах», 220301 «Автоматизация технологических процессов и производств», 230101 «Вычислительные машины, комплексы, системы и сети» дистанционной формы обучения. Цель пособия - обучение различным видам чтения на английском языке, а также говорению на указанные в пособии темы. Пособие состоит из 5 уроков, в каждом их которых представлены лексические и грамматические упражнения по теме урока, и вариантов самостоятельной работы. В конце представлены приложения и грамматический справочник, а также ключи к грамматическим упражнениям.
|
| 610 |
1 |
|
|a английский язык
|
| 610 |
1 |
|
|a учебные пособия
|
| 610 |
1 |
|
|a фонетика
|
| 610 |
1 |
|
|a грамматика
|
| 610 |
1 |
|
|a лексика
|
| 610 |
1 |
|
|a упражнения
|
| 610 |
1 |
|
|a заочное обучение
|
| 610 |
1 |
|
|a дистанционное обучение
|
| 686 |
|
|
|a Ш143.21-923
|v LBC/SL-A
|2 rubbk
|
| 686 |
|
|
|a Ш143.21-98
|v LBC/SL-A
|2 rubbk
|
| 700 |
|
1 |
|a Покушалова
|b Л. В.
|g Лидия Владимировна
|
| 701 |
|
1 |
|a Смирнова
|b Н. П.
|g Нелли Павловна
|
| 712 |
0 |
2 |
|a Томский политехнический университет (ТПУ)
|b Институт дистанционного образования (ИДО)
|2 stltpush
|3 (RuTPU)RU\TPU\col\12625
|
| 801 |
|
1 |
|a RU
|b 63413507
|c 20070510
|g PSBO
|
| 801 |
|
2 |
|a RU
|b 63413507
|c 20170331
|g PSBO
|
| 942 |
|
|
|c BK
|